zpět

Detail výsledku týmu

Bar U Souseda, Plzeň

Datum a čas kvízu

17 Celkem bodů Celkový počet nahraných bodů na tomto kvízu bez doplňovacích otázek.
8. Pořadí na kvízu Konečné umístění týmu na tomto kvízu.

Zaznamenané odpovědi

# Otázka Odpověď Body Výsledky
1. Pouhé modlení už nestačí. Býva... Koláček 0
2. Nedostačují Vám čísla a písmen... smajlíky (emotikony) 0
3. Svět módy přišel v úterý o svo... C 1
4. V úterý byla v České republice... Apple Pay 0
5. Kterému z těchto týmů se nepod... C 0
6. Cestovatel Miroslav Zikmund os... Tatra 87 0
7. Dne 31. července 1947, což byl... Tobruk 0
8. Cestovatelé si samozřejmě nemo... Zambezi 1
9. V prvním červencovém týdnu se... Buenos Aires 0
10. V Kongu zažili Zikmund s Hanze... zrození sopky (Vovokvabiti) 0